[Event "Aragon-ch Seniors 65+"]
[Site "Zaragoza"]
[Date "2018.05.06"]
[Round "3"]
[White "Cervera Soler, Ramon"]
[Black "Gutierrez Lizarraga, Manuel"]
[Result "0-1"]
[WhiteElo "1448"]
[BlackElo "1320"]
[PlyCount "126"]
[EventDate "2018.04.21"]
[EventType "swiss"]
[EventRounds "8"]
[EventCountry "ESP"]
[SourceTitle "EXT 2020"]
[Source "ChessBase"]
[SourceDate "2019.10.17"]
[SourceVersion "1"]
[SourceVersionDate "2019.10.17"]
[SourceQuality "1"]

1. c4 Nf6 2. Nc3 g6 3. g3 Bg7 4. Bg2 0-0 5. Nf3 Nc6 6. a3 e6 7. 0-0 d5 8. cxd5 exd5 9. d4 Ne4 10. Nxe4 dxe4 11. Ng5 Nxd4 12. Nxe4 Bg4 13. f3 Be6 14. Nc5 Bc4 15. Re1 Nxe2+ 16. Kh1 Qxd1 17. Rxd1 Rad8 18. Be3 Rxd1+ 19. Rxd1 Bxb2 20. Nd7 Re8 21. Bf2 b6 22. Bh3 Kg7 23. Rd2 Bxa3 24. Rc2 Bd5 25. Kg2 c5 26. Rd2 Bc6 27. Ra2 Bb4 28. Rc2 Bxd7 29. Bxd7 Re7 30. Bb5 Nd4 31. Bxd4+ cxd4 32. Ra2 a5 33. Ra1 Re3 34. Rd1 Bc5 35. f4 Rb3 36. Bd3 f5 37. h3 Rb2+ 38. Kf3 a4 39. g4 Kf6 40. g5+ Kg7 41. Rb1 a3 42. Rxb2 axb2 43. Ke2 Bb4 44. Bb1 h6 45. h4 Bc3 46. Bd3 b5 47. Bb1 h5 48. Bd3 Kf7 49. Bb1 Ke7 50. Kd1 b4 51. Bd3 b3 52. Bb1 Kd6 53. Ke2 Kd5 54. Bd3 Kc5 55. Bb1 Ba5 56. Bd3 Kb4 57. Bb1 Ka3 58. Kd3 Bc3 59. Ke2 Bb4 60. Kd3 Bd6 61. Kxd4 Bxf4 62. Bxf5 gxf5 63. g6 b1Q 0-1